Statistiques concernant Personnages d'Esprits Criminels

Cliquez ici pour prendre le quiz!

Statistiques générales

  • Ce quiz a été pris 158 fois
  • Le résultat moyen est 13 sur 25

Statistiques - réponses

IndicePersonnage% Correct
Profiler (S1-11)Derek Morgan
91%
Profiler (S1-12)Aaron Hotchner
90%
Analyste (S1-15)Penelope Garcia
90%
Profiler (S1-15)Spencer Reid
89%
Profiler (S3-15)David Rossi
83%
Profiler (S2-7/13-15)Emily Prentiss
83%
Profiler (S1-15)Jennifer Jareau
80%
Fils de #1Jack Hotchner
78%
Mère de #3Diana Reid
74%
Profiler (S1-2)Jason Gideon
73%
Profiler (S12-15)Luke Alvez
47%
Mari de #4Will Lamontagne
46%
Fils de #4Henry Lamontagne
44%
Tueur de Haley HotchnerGeorge Foyet
43%
Profiler (S11-15)Tara Lewis
43%
Profiler (S1)Ellie Greenaway
40%
Chef de section (S1-9)Erin Strauss
39%
Profiler (S8-9)Alex Blake
37%
"Mr Scratch"Peter Lewis
33%
Profiler (S13-15)Matthew Simmons
32%
Profiler (S10)Kate Callahan
23%
Profiler (S6)Ashley Seaver
19%
Mafieux d'Europe de l'EstIan Doyle
16%
Chef de section (S9-15)Mateo Cruz
14%
Profiler (S12)Stephen Walker
13%

Distribution des résultats

Percentile par nombre de réponses

% des personnes avec chaque résultat

Votre développement - résultats

Vous n’avez pas pris ce quiz